书目信息 |
| 题名: |
手把手教你画色粉画
|
|
| 作者: | 埃文斯 , 哈迪 , 库姆斯 著 ;周芹芹 译 | |
| 分册: | ||
| 出版信息: | 上海 上海书画出版社 2019.1 |
|
| 页数: | 159页 | |
| 开本: | 28cm | |
| 丛书名: | 西方绘画技法经典教程 | |
| 单 册: | ||
| 中图分类: | J216 | |
| 科图分类: | ||
| 主题词: | 色粉笔画--绘画技法--教材 | |
| 电子资源: | ||
| ISBN: | 978-7-5479-1943-9 | |
| 000 | 01745nam 2200373 45 | |
| 001 | 012001001515 | |
| 005 | 20130912150129.0 | |
| 010 | @a978-7-5479-1943-9@dCNY68.00 | |
| 092 | @aCN@b社科SX1904QH-388 | |
| 099 | @aCAL 012019051111 | |
| 100 | @a20190419d2019 em y0chiy0110 ea | |
| 101 | 1 | @achi@ceng |
| 102 | @aCN@b310000 | |
| 105 | @aa z 000yy | |
| 106 | @ar | |
| 200 | 1 | @a手把手教你画色粉画@Ashou ba shou jiao ni hua se fen hua@f(英) 玛克丽特·埃文斯, 保罗·哈迪, 皮特·库姆斯著@g周芹芹... [等] 译 |
| 210 | @a上海@c上海书画出版社@d2019.1 | |
| 215 | @a159页@c彩图@d28cm | |
| 225 | 2 | @a西方绘画技法经典教程@Axi fang hui hua ji fa jing dian jiao cheng |
| 304 | @a题名页题: 周芹芹, 张弛, 代悦, 凌辰译 | |
| 305 | @a据2012年英文版译出 | |
| 306 | @a上海树实文化传播有限公司出品, “开普图书”归上海树实文化传播有限公司独家所有 | |
| 312 | @a英文并列题名取自版权页 | |
| 330 | @a本书是引进版西方绘画技法教程丛书中的一种, 主要内容是色粉画技法的学习与操作, 作者教会读者在实用色粉笔并选择描绘对象, 完成一件比较完备的作品。作者玛克丽特 埃文斯、保罗 哈迪、皮特 库姆斯三位都是有着多年绘画教学经验的著名画家, 他们分别担任本书相关章节的作者, 不仅有文字的描述, 更有亲自的操作示范。他们在构图取舍、用笔用色等方面训练读者, 以教会读者上手绘出完成作品。这种尝试对大多数的绘画爱好者来说是很有操作性和指导意义的。 | |
| 461 | 0 | @12001 @a西方绘画技法经典教程 |
| 500 | 10 | @aPastel painting step-by-step@mChinese |
| 606 | 0 | @a色粉笔画@x绘画技法@j教材 |
| 690 | @aJ216@v5 | |
| 701 | 1 | @a埃文斯@Aai wen si@g(Evans, Margaret)@4著 |
| 701 | 1 | @a哈迪@Aha di@g(Hardy, Paul)@4著 |
| 701 | 1 | @a库姆斯@Aku mu si@g(Combs, Pete)@4著 |
| 702 | 0 | @a周芹芹@Azhou qin qin@4译 |
| 801 | @aCN@b江苏凤凰@c20211018 | |
| 905 | @b1343801-4@dJ216@e1397@f4 | |
| 手把手教你画色粉画/(英) 玛克丽特·埃文斯, 保罗·哈迪, 皮特·库姆斯著/周芹芹... [等] 译.-上海:上海书画出版社,2019.1 |
| 159页:彩图;28cm.-(西方绘画技法经典教程) |
| ISBN 978-7-5479-1943-9:CNY68.00 |
| 本书是引进版西方绘画技法教程丛书中的一种, 主要内容是色粉画技法的学习与操作, 作者教会读者在实用色粉笔并选择描绘对象, 完成一件比较完备的作品。作者玛克丽特 埃文斯、保罗 哈迪、皮特 库姆斯三位都是有着多年绘画教学经验的著名画家, 他们分别担任本书相关章节的作者, 不仅有文字的描述, 更有亲自的操作示范。他们在构图取舍、用笔用色等方面训练读者, 以教会读者上手绘出完成作品。这种尝试对大多数的绘画爱好者来说是很有操作性和指导意义的。 |
| ● |
| 相关链接 |
|
|
|
|
正题名:手把手教你画色粉画
索取号:J216/1397
 
预约/预借
| 序号 | 登录号 | 条形码 | 馆藏地/架位号 | 状态 | 备注 |
| 1 | 1343801 | 213438010 | 第一样本阅览室/ [索取号:J216/1397] | 在馆 | |
| 2 | 1343802 | 213438029 | 第一借阅区/ [索取号:J216/1397] | 在馆 | |
| 3 | 1343803 | 213438038 | 第一借阅区/ [索取号:J216/1397] | 在馆 | |
| 4 | 1343804 | 213438047 | 第一借阅区/ [索取号:J216/1397] | 在馆 |